La predicación según los cánones de la iglesia: disposiciones de los sumos pontífices León XIII, Pío X y Benedicto XV

Uloženo v:
Podrobná bibliografie
Hlavní autor: Piaggio, Agustín (Autor)
Médium: Kniha
Jazyk:španělština
Vydáno: Buenos Aires Rosso y Cia. 1919
Témata:
Tagy: Přidat tag
Žádné tagy, Buďte první, kdo vytvoří štítek k tomuto záznamu!

MARC

LEADER 00000nam a2200000 a 4500
001 UCI2156
003 CL-VaPUC
008 070803e19190000AG |||||||||||||||||spa|d
082 0 4 |a 251  |b PIA  |2 21 
100 0 |a Piaggio, Agustín  |e author  |9 523039 
245 1 3 |a La predicación según los cánones de la iglesia: disposiciones de los sumos pontífices León XIII, Pío X y Benedicto XV 
300 |a 340 p 
942 |c BK 
945 |d 20070803 00:00:00  |a jtorresc 
260 |a Buenos Aires  |b Rosso y Cia.  |c 1919 
500 |a Cánones del nuevo código; resoluciones de la Curia de Roma; del Concilio Plenario de la America Latina; del Episcopado Argentino; enseñanzas de Santos doctores y piadosos autores 
650 7 |a PREDICACIONES  |2 CL-VaPUC  |9 395234 
650 7 |a LITURGIA  |2 CL-VaPUC  |9 523040 
650 0 |a Homilías  |9 366132 
650 0 |a Exégesis   |9 365279 
650 0 |a Retórica   |9 266620 
650 7 |a COMUNIDAD CRISTIANA  |2 CL-VaPUC  |9 395236 
650 0 |a Pontífices  |9 375468 
583 |a last modification  |c 20070803 00:00:00  |k Rodrigo Vera 
999 |c 326791  |d 326789 
952 |0 0  |1 0  |4 0  |6 251_000000000000000_PIA_1919  |7 0  |8 A  |9 408930  |a BIBDER  |b BIBDER  |d 2019-11-22  |i 4240820  |o 251 PIA 1919  |p 4240820  |r 2023-01-25  |w 2019-11-22  |y BK  |k DER